00817nam a2200157 a 4500020002500000020002200025040000800047082002600055245029000081260010400371300003200475650003100507650003100538710006000569710003000629 a9789251059180 (pbk.) a9251059187 (pbk.) cUKM04a363 WOR 2007 A065 Or.10aPesticide residues in food 2007 :bJoint FAO-WHO Meeting on Pesticide Residues : report of the Joint Meeting of the FAO Panel of Experts on Pesticide Residues in Food and the Environment and the WHO Core Assessment Group on Pesticide Residues, Geneva, Switzerland, 18-27 September 2007 aRome :bWorld Health Organization :bFood and Agriculture Organization of the United Nations,c2007 aix, 191 p. :bill. ;c30 cm 0aPesticide residues in food 0aPesticide residues in food2 aFood and Agriculture Organization of the United Nations2 aWorld Health Organization